Nombre de TOP 10 par pays à l'Eurovision - Statistiques

Statistiques générales
  • Ce quiz a été pris 93 fois
  • Le résultat moyen est 44 sur 52
Statistiques - réponses
TOP 10 Pays Nb de victoire % Correct
39 France 5
100%
29 Espagne 2
99%
45 Suède 7
97%
32 Irlande 7
96%
12 Portugal 1
96%
42 Royaume-Uni 5
96%
23 Autriche 3
95%
38 Italie 3
95%
15 Finlande 1
94%
26 Norvège 3
94%
35 Allemagne 2
92%
22 Grèce 1
92%
30 Suisse 3
92%
15 Ukraine 3
92%
4 Lettonie 1
91%
25 Pays-Bas 5
91%
25 Belgique 1
90%
4 Bulgarie 1
90%
27 Danemark 3
90%
12 Estonie 1
90%
3 Lituanie 0
90%
20 Luxembourg 5
90%
3 Pologne 0
90%
24 Israël 4
88%
14 Russie 1
88%
0 Slovaquie 0
88%
3 Slovénie 0
88%
7 Roumanie 0
87%
3 Albanie 0
86%
7 Islande 0
86%
5 Hongrie 0
83%
14 Malte 0
83%
16 Monaco 1
83%
0 Saint-Marin 0
83%
5 Serbie 1
83%
10 Chypre 0
82%
6 Moldavie 0
82%
10 Turquie 1
82%
0 Monténégro 0
79%
2 Tchéquie 0
79%
6 Bosnie-Herzégovine 0
78%
7 Croatie 0
78%
0 Andorre 0
77%
6 Australie 0
75%
7 Azerbaïdjan 1
74%
1 Macédoine du Nord 0
74%
11* Yougoslavie 1
74%
8 Arménie 0
71%
1 Belarus 0
71%
2 Géorgie 0
70%
0 Maroc 0
70%
2* Serbie-et-Monténégro 0
31%
Aucun quiz correspondant
Distribution des résultats
% des personnes avec chaque résultat
Percentile par nombre de réponses
Votre historique - résultats
Vous n’avez pas pris ce quiz